000 00605nam a22001937a 4500
003 OSt
005 20250508111253.0
008 250508b |||||||| |||| 00| 0 eng d
020 _a9780415704663
040 _crda
100 _aRisberg, Annette.,
_eEditor
_9755481
245 _aThe Routledge Companion to Mergers and Acquisitions
_cBy Annette Risberg, David R. King and Olimpia Meglio
260 _aNew York
_bRoutledge
_c2016
300 _axxiii,396P
650 _2Acquisition
700 _aKing, David R..,
_eEditor
_9755482
700 _aMeglio, Olimpia.,
_eEditor
_9755483
942 _2CC
_cGB
_e1
_n0
999 _c1320396
_d1320396